Skip to content
VuFind
All Fields
Title
Author
Subject
Call Number
ISBN/ISSN
Tag
Find
Advanced
Satu kepulangan
Cite this
Print
Export Record
Export to RefWorks
Export to EndNoteWeb
Export to EndNote
Export to MARC
Satu kepulangan
Bibliographic Details
Format:
Book
Holdings
Description
Similar Items
Staff View
MARC
LEADER
00000cam a2200000 7i4500
001
0000008802
002
000009599
005
20000330.0
020
|a
9838931993
090
0
0
|a
F
|b
HAM
245
1
0
|a
Satu kepulangan
999
|a
042267
|b
BUKU
|c
PINJAMAN
|e
PERPUSTAKAAN KOMUNITI PETALING JAYA
999
|a
042269
|b
BUKU
|c
PINJAMAN
|e
PERPUSTAKAAN KOMUNITI PETALING JAYA
Similar Items
Kepulangan [
by: Chong, Eric
Kepulangan
by: Ruslan Ngah
Published: (2003)
Kepulangan
by: Nurin Nadirah
Published: (2010)
Kepulangan itu
by: Nurisa S. K
Published: (2007)
Kepulangan yang dinanti
by: Hasniza Ahmad
Published: (2011)